| 000 | 00480nam a22001817a 4500 | ||
|---|---|---|---|
| 005 | 20230310112519.0 | ||
| 008 | 230310b ||||| |||| 00| 0 eng d | ||
| 040 | _cAL | ||
| 041 | _aEnglish | ||
| 082 |
_223 _a330/170 _bMITM |
||
| 100 |
_aD M Mithani _974925 |
||
| 245 | _aModern Economic Theory | ||
| 260 |
_aBombay _bSheth Publishers _c1984 |
||
| 300 |
_aiv,314 p. _bHB _c23.7x18 cm. |
||
| 650 |
_aEconomic Theory _974926 |
||
| 700 |
_aMITHANI (D M) _974927 |
||
| 942 |
_2ddc _cBB |
||
| 999 |
_c226970 _d226970 |
||